[Event "zonal 2.3 (w)"]
[Site "La Ceja COL"]
[Date "2011.10.16"]
[Round "8"]
[White "Duran Juarez, Citlali"]
[Black "Salazar Loor, Sara"]
[Result "1-0"]
[WhiteElo "1963"]
[BlackElo "1998"]
[EventDate "2011.10.11"]
[Board "6"]
[PlyCount "71"]
[EventRounds "9"]
[EventCountry "COL"]

1.e4 c5 2.Nc3 Nc6 3.f4 d6 4.Nf3 g6 5.Bc4 Bg7 6.O-O e6 7.d3 Nge7 8.Qe1 a6 
9.a4 Nd4 10.Nxd4 cxd4 11.Ne2 O-O 12.Kh1 d5 13.Bb3 b6 14.Ng1 dxe4 15.dxe4 
Bb7 16.Nf3 Nc6 17.Bd2 d3 18.Bc3 dxc2 19.Bxg7 Kxg7 20.Bxc2 Rc8 21.Rd1 Qe7 
22.Qf2 Nb4 23.Bb1 Bc6 24.b3 b5 25.f5 exf5 26.exf5 bxa4 27.Nd4 Qf6 28.Qd2 
a5 29.fxg6 Qe5 30.Nf5+ Kg8 31.Rde1 Rcd8 32.Qg5 Qb2 33.Nh6+ Kh8 34.Nxf7+ 
Rxf7 35.Qxd8+ Kg7 36.Rxf7+ 1-0

[Event "zonal 2.3 (w)"]
[Site "La Ceja COL"]
[Date "2011.10.16"]
[Round "8"]
[White "Heredia Serrano, Carla"]
[Black "Sotomayor Villatoro, Silvia"]
[Result "1-0"]
[WhiteElo "2090"]
[BlackElo "1912"]
[EventDate "2011.10.11"]
[Board "7"]
[PlyCount "81"]
[EventRounds "9"]
[EventCountry "COL"]

1.e4 c6 2.d4 d5 3.Nd2 g6 4.Ngf3 Bg7 5.c3 Bg4 6.Qb3 dxe4 7.Ng5 Nh6 8.Qxb7 
Bc8 9.Qb3 O-O 10.Ndxe4 e5 11.dxe5 Bxe5 12.Bc4 Qb6 13.Be3 Qxb3 14.axb3 a6 
15.Bc5 Rd8 16.O-O Bf5 17.f3 Kg7 18.Rad1 Re8 19.g4 Bxe4 20.Nxe4 f6 21.Nd6 
Bxd6 22.Rxd6 Nf7 23.Bxf7 Kxf7 24.b4 Re2 25.Rd8 Re8 26.Rxe8 Kxe8 27.Re1+ 
Kf7 28.Re7+ Kg8 29.Bd6 c5 30.Re8+ Kf7 31.Rxb8 Rxb8 32.Bxb8 cxb4 33.cxb4 
Ke6 34.Kf2 f5 35.g5 Kd5 36.Ke3 Kc4 37.Bd6 Kd5 38.Bf8 Kc4 39.f4 Kb3 40.Kd4 
Kxb2 41.Kc5 1-0

[Event "zonal 2.3 (w)"]
[Site "La Ceja COL"]
[Date "2011.10.17"]
[Round "9"]
[White "Castrillon Gomez, Melissa"]
[Black "Mateus, Martha"]
[Result "1/2-1/2"]
[WhiteElo "2105"]
[BlackElo "2155"]
[EventDate "2011.10.11"]
[Board "1"]
[PlyCount "41"]
[EventRounds "9"]
[EventCountry "COL"]

1.e4 c5 2.Nf3 a6 3.c4 Nc6 4.d4 cxd4 5.Nxd4 Nf6 6.Nxc6 bxc6 7.Nc3 e5 8.Bg5 
d6 9.Qd2 Be7 10.Be2 h6 11.Bxf6 Bxf6 12.Rd1 Be7 13.O-O O-O 14.c5 dxc5 15.
Qxd8 Rxd8 16.Rxd8+ Bxd8 17.Na4 Rb8 18.b3 Be7 19.Rc1 f6 20.Nxc5 Bxc5 21.
Rxc5 1/2-1/2

[Event "zonal 2.3 (w)"]
[Site "La Ceja COL"]
[Date "2011.10.17"]
[Round "9"]
[White "Franco Valencia, Beatriz Irene"]
[Black "Duran Juarez, Citlali"]
[Result "1/2-1/2"]
[WhiteElo "2176"]
[BlackElo "1963"]
[EventDate "2011.10.11"]
[Board "2"]
[PlyCount "27"]
[EventRounds "9"]
[EventCountry "COL"]

1.d4 Nf6 2.Nf3 c5 3.c4 cxd4 4.Nxd4 e5 5.Nf3 Nc6 6.Nc3 Bb4 7.Bd2 d5 8.cxd5 
Nxd5 9.Qb3 Be6 10.Qc2 h6 11.e4 Nxc3 12.bxc3 Bc5 13.Qb2 Qc7 14.Qb5 1/2-1/2

[Event "zonal 2.3 (w)"]
[Site "La Ceja COL"]
[Date "2011.10.17"]
[Round "9"]
[White "Sotomayor Villatoro, Silvia"]
[Black "Linares Napoles, Oleiny"]
[Result "0-1"]
[WhiteElo "1912"]
[BlackElo "2349"]
[EventDate "2011.10.11"]
[Board "3"]
[PlyCount "108"]
[EventRounds "9"]
[EventCountry "COL"]

1.d4 Nf6 2.Nf3 g6 3.g3 Bg7 4.Bg2 O-O 5.O-O d6 6.c4 Nc6 7.Nc3 a6 8.e3 Rb8 
9.b3 Bf5 10.Bb2 Qc8 11.Re1 Bh3 12.Bh1 Bg4 13.Qc2 Re8 14.a3 Bf5 15.Qd1 e5 
16.b4 Bg4 17.Qd2 e4 18.Nh4 g5 19.Ng2 Bf3 20.Ne2 Qh3 21.Nef4 gxf4 22.Nxf4 
Qf5 23.Qc2 Bxh1 24.Kxh1 Qg4 25.Qe2 Qxe2 26.Nxe2 d5 27.c5 b5 28.cxb6 cxb6 
29.Rac1 Rec8 30.Rc2 Na7 31.Rec1 Rxc2 32.Rxc2 Rc8 33.Rxc8+ Nxc8 34.Nc3 Nd6 
35.Kg2 Nc4 36.Bc1 Bf8 37.b5 a5 38.a4 Bb4 39.Ne2 Kf8 40.f3 Ke7 41.g4 exf3+ 
42.Kxf3 Ne4 43.Nf4 Nc3 44.h4 Bd6 45.Nh5 Na2 46.g5 Nxc1 47.Nf6 Nd2+ 48.Kg4 
Ba3 49.Nxh7 Ne4 50.h5 Ke6 51.h6 Be7 52.Kf4 Ne2+ 53.Kg4 N4c3 54.g6 fxg6 0-1

[Event "zonal 2.3 (w)"]
[Site "La Ceja COL"]
[Date "2011.10.17"]
[Round "9"]
[White "Marrero Lopez, Yaniet"]
[Black "Salazar Cardona, Aura Cristina"]
[Result "1-0"]
[WhiteElo "2291"]
[BlackElo "2210"]
[EventDate "2011.10.11"]
[Board "4"]
[PlyCount "53"]
[EventRounds "9"]
[EventCountry "COL"]

1.e4 c5 2.Nf3 Nc6 3.Bb5 Nd4 4.Ba4 g6 5.Nc3 Bg7 6.O-O Rb8 7.Nxd4 cxd4 8.Ne2
Nf6 9.d3 b5 10.Bb3 Qb6 11.a4 b4 12.a5 Qc5 13.Bd2 d6 14.Qe1 Bd7 15.Nc1 Ng4 
16.Na2 Qe5 17.f4 Qxa5 18.Nxb4 Qh5 19.h3 Ne3 20.Rf3 a5 21.Na6 Rxb3 22.Rxa5 
Nxc2 23.Qd1 Qxa5 24.Bxa5 Rxb2 25.Nc7+ Kf8 26.Rf2 Ne3 27.Rxb2 1-0

[Event "zonal 2.3 (w)"]
[Site "La Ceja COL"]
[Date "2011.10.17"]
[Round "9"]
[White "Orozco Lopez, Lina Yomayra"]
[Black "Mencos Castillo, Claudia"]
[Result "1-0"]
[WhiteElo "2161"]
[BlackElo "2048"]
[EventDate "2011.10.11"]
[Board "5"]
[PlyCount "87"]
[EventRounds "9"]
[EventCountry "COL"]

1.e4 c5 2.Nf3 e6 3.d4 cxd4 4.Nxd4 a6 5.Nc3 Qc7 6.g3 Bb4 7.Bd2 Nc6 8.Nb3 
Ne5 9.a3 Be7 10.Bf4 d6 11.Bg2 b5 12.O-O Bb7 13.Nc1 Nf6 14.N1e2 O-O 15.h3 
Rfd8 16.g4 Qb6 17.Kh1 Ng6 18.Bg3 d5 19.e5 Nd7 20.f4 Nh4 21.Bxh4 Bxh4 22.
Nd4 Be7 23.Nce2 Bf8 24.Qe1 Re8 25.Rd1 Rac8 26.c3 Qc7 27.Nf3 Nc5 28.f5 Ne4 
29.Ned4 Rcd8 30.h4 Bc8 31.Bh3 g6 32.Rg1 Bg7 33.f6 Bf8 34.Bf1 Bb7 35.Bd3 
Rb8 36.Qe3 Bc5 37.h5 Kh8 38.hxg6 fxg6 39.Kg2 Nxf6 40.exf6 e5 41.Qh6 Bf8 
42.Qh2 Bd6 43.Ng5 exd4 44.Qxd6 1-0

[Event "zonal 2.3 (w)"]
[Site "La Ceja COL"]
[Date "2011.10.17"]
[Round "9"]
[White "Salazar Loor, Sara"]
[Black "Romero Echeverria, Abigail"]
[Result "1/2-1/2"]
[WhiteElo "1998"]
[BlackElo "2134"]
[EventDate "2011.10.11"]
[Board "6"]
[PlyCount "101"]
[EventRounds "9"]
[EventCountry "COL"]

1.e4 c5 2.Nf3 e6 3.d4 cxd4 4.Nxd4 Nf6 5.Bd3 Nc6 6.Nxc6 dxc6 7.O-O e5 8.h3 
Bc5 9.Qe2 O-O 10.Be3 Bxe3 11.Qxe3 Nh5 12.Nc3 Nf4 13.Ne2 Qg5 14.Nxf4 exf4 
15.Qf3 Be6 16.Kh2 Qe5 17.b3 c5 18.g3 fxg3+ 19.fxg3 Rac8 20.c4 Rcd8 21.Rae1
Rd7 22.Re2 Rfd8 23.Bb1 Rd2 24.Rxd2 Rxd2+ 25.Rf2 Rd8 26.Bc2 f6 27.Kg2 Kf7 
28.Qf4 Ke7 29.h4 Qxf4 30.gxf4 g6 31.f5 Bf7 32.Kf3 b6 33.Ke3 a5 34.a4 Rd4 
35.Bd3 Rd8 36.Rf1 Rg8 37.Rg1 Kd6 38.Kf4 Rd8 39.Rd1 Ke7 40.Be2 Rg8 41.Bg4 
gxf5 42.exf5 Rd8 43.Rxd8 Kxd8 44.h5 h6 45.Be2 Ke7 46.Bf3 Kd7 47.Be2 Be8 
48.Bf3 Kd6 49.Be2 Bc6 50.Bd3 Bg2 51.Be2 1/2-1/2

[Event "zonal 2.3 (w)"]
[Site "La Ceja COL"]
[Date "2011.10.17"]
[Round "9"]
[White "Mendoza Velazquez, Lorena Alejandra"]
[Black "Heredia Serrano, Carla"]
[Result "1/2-1/2"]
[WhiteElo "2024"]
[BlackElo "2090"]
[EventDate "2011.10.11"]
[Board "7"]
[PlyCount "29"]
[EventRounds "9"]
[EventCountry "COL"]

1.e4 c5 2.Nf3 e6 3.d4 cxd4 4.Nxd4 Nf6 5.Bd3 Nc6 6.Nxc6 bxc6 7.O-O e5 8.h3 
Bc5 9.Qe2 O-O 10.Be3 Bxe3 11.Qxe3 Nh5 12.Nc3 Nf4 13.Ne2 Qg5 14.Nxf4 exf4 
15.Qf3 1/2-1/2